Understanding psychology / (Record no. 21298)
[ view plain ]
| 000 -LEADER | |
|---|---|
| fixed length control field | 00574nam a2200229 a 4500 |
| 005 - DATE AND TIME OF LATEST TRANSACTION | |
| control field | 20140310183316.0 |
| 008 - FIXED-LENGTH DATA ELEMENTS--GENERAL INFORMATION | |
| fixed length control field | 051122s19uu xx 00 eng d |
| 020 ## - INTERNATIONAL STANDARD BOOK NUMBER | |
| International Standard Book Number | 0071250166 |
| 050 ## - LIBRARY OF CONGRESS CALL NUMBER | |
| Classification number | BF 121 |
| Item number | .F34 2005 |
| 100 ## - MAIN ENTRY--PERSONAL NAME | |
| Personal name | Feldman, Robert S. |
| 245 ## - TITLE STATEMENT | |
| Title | Understanding psychology / |
| Statement of responsibility, etc | Robert S. Feldman |
| 250 ## - EDITION STATEMENT | |
| Edition statement | 7th ed. |
| 260 ## - PUBLICATION, DISTRIBUTION, ETC. (IMPRINT) | |
| Place of publication, distribution, etc | Boston : |
| Name of publisher, distributor, etc | McGraw-Hill, |
| Date of publication, distribution, etc | 2005. |
| 300 ## - PHYSICAL DESCRIPTION | |
| Extent | 636 p. : |
| Other physical details | ill. ; |
| Dimensions | 25 cm. |
| 521 ## - TARGET AUDIENCE NOTE | |
| Target audience note | |
| 650 ## - SUBJECT ADDED ENTRY--TOPICAL TERM | |
| Topical term or geographic name as entry element | Psychology. |
| 942 ## - ADDED ENTRY ELEMENTS (KOHA) | |
| Koha item type | Books |
| Source of classification or shelving scheme | Library of Congress Classification |
| Call number prefix | Foreign |
| Withdrawn status | Lost status | Source of classification or shelving scheme | Damaged status | Home library | Current library | Shelving location | Date acquired | Source of acquisition | Total Checkouts | Full call number | Barcode | Date last seen | Date checked out | Copy number | Price effective from | Koha item type | Total Renewals | Sub Shelving location | Public note |
|---|---|---|---|---|---|---|---|---|---|---|---|---|---|---|---|---|---|---|---|
| Library of Congress Classification | Archives | Archives | 12/11/2013 | Donation | 5 | BF 121 .F34 2005 | C6493 | 11/18/2019 | 11/11/2019 | 3 | 12/11/2013 | Books | 2 | ||||||
| Library of Congress Classification | Archives | Archives | 12/11/2013 | Donation | BF 121 .F34 2005 | C7844 | 05/15/2018 | 4 | 12/11/2013 | Books | |||||||||
| Library of Congress Classification | College Library | College Library | General Circulation Section | 01/30/2007 | 2 | BF 121 .F34 2005 | C8120 | 10/29/2019 | 10/24/2019 | 1 | 10/10/2013 | Books | |||||||
| Library of Congress Classification | College Library | College Library | General Circulation Section | 12/11/2013 | BF 121 .F34 2005 | C8121 | 05/15/2018 | 2 | 12/11/2013 | Books | |||||||||
| Library of Congress Classification | College Library | College Library | General Circulation Section | 03/17/2025 | Donation | BF 121 .F34 2005 | C11281 | 03/17/2025 | 03/17/2025 | Books | Lost and replaced by: Villarin, S. |